| 000 | 00747nam a22001697a 4500 | ||
|---|---|---|---|
| 999 |
_c15069 _d15069 |
||
| 003 | OSt | ||
| 082 | _2631.56 DEE/FA | ||
| 088 | _aP 21 | ||
| 100 |
_aDEEPTHI SUSAN P. E _aJACINTHA T _aJOSEPH GEORGE K _aMANSOOR ALI K.C _92470 |
||
| 245 | _aFabrication and testing of a power operated axial flow seed extractor | ||
| 260 |
_aTavanur 1993 _bKelappaji College of Agricultural Engineering and Technology |
||
| 300 | _a79 | ||
| 500 | _aFabrication and testing of a power operated axial flow seed extractor | ||
| 520 | _amechanical seed extraction reduces the cost of seed production, improves the quality of seed and prevent the hazards cased to the manual labour during seed extraction. | ||
| 700 |
_aEr. Santhi Mary Mathew (Guide) _92347 |
||
| 942 | _cPR | ||